| 000 | 01089ntm a22004337a 4500 | ||
|---|---|---|---|
| 005 | 20240307184611.0 | ||
| 008 | 170405b xxu||||| |||| 00| 0 spa d | ||
| 020 | _a9786074386639 | ||
| 041 | _aESP | ||
| 082 | _a658.8 S234f | ||
| 100 |
_aSantesmases Mestre, Miguel _941959 |
||
| 100 |
_aValderrey Villar, Francisco _941960 |
||
| 100 |
_aSánchez Guzmán, Adriana _941961 |
||
| 245 | _aFundamentos de mercadotecnia | ||
| 260 | _aMéxico | ||
| 260 | _bPatria | ||
| 260 | _c2016 | ||
| 300 | _a417 páginas | ||
| 650 | _aMERCADOTECNIA | ||
| 650 | _aMERCADO | ||
| 650 | _aMICROAMBIENTE | ||
| 650 | _aMACROAMBIENTE | ||
| 650 | _aSEGMENTACIÓN | ||
| 650 | _aCONSUMIDOR | ||
| 650 | _aCOMPRA | ||
| 650 | _aINVESTIGACIÓN DE MERCADOS | ||
| 650 | _aENCUESTAS | ||
| 650 | _aCUESTIONARIOS | ||
| 650 | _aPRODUCTOS | ||
| 650 | _aPRECIO | ||
| 650 | _aCANALES DE DISTRIBUCIÓN | ||
| 650 | _aCOMUNICACIÓN INTEGRAL | ||
| 650 | _aRELACIONES PÚBLICAS | ||
| 650 | _aPLANEACIÓN ESTRATÉGICA | ||
| 942 |
_cBK _2ddc |
||
| 999 |
_c9229 _d9229 |
||